Notes pour trop tard - Orelsan - Paroles (complet) - Statistiques

Statistiques générales
  • Ce quiz a été pris 46 fois
    33 depuis la dernière actualisation
  • Le résultat moyen est 1167 sur 1335
Statistiques - réponses
Réponse % Correct
a
100%
à
100%
À
100%
es
100%
est
100%
et
100%
et,
100%
Et
100%
jour
100%
note,
100%
ta
100%
t'a
100%
t'à
100%
adulte
94%
âge,
94%
âge
94%
ans
94%
apprendre
94%
au
94%
Au
94%
Autre
94%
autre,
94%
autre
94%
avec
94%
bande
94%
bande,
94%
besoin
94%
Bien
94%
bien,
94%
bien
94%
boîte
94%
ça,
94%
ça
94%
Ça
94%
ce
94%
Ces
94%
c'est
94%
C'est
94%
chaque
94%
chose
94%
chose,
94%
Comme
94%
comme
94%
compris
94%
con
94%
conscient
94%
c'que
94%
dans
94%
de
94%
dernier
94%
dernière
94%
des
94%
dès
94%
Des
94%
d'être
94%
deux
94%
Devenir
94%
devenir
94%
Dire
94%
dire
94%
d'la
94%
d'rattrapage
94%
droite
94%
d'stage,
94%
d'te
94%
du
94%
dur,
94%
dur
94%
Écoute,
94%
écoute
94%
en
94%
En
94%
enculé
94%
envie
94%
espèce
94%
être
94%
Être
94%
facile
94%
faire
94%
faire,
94%
fais
94%
Fais
94%
fait
94%
fait,
94%
famille
94%
film
94%
filme
94%
fois
94%
fois,
94%
gamines
94%
gens
94%
glissant
94%
heureux
94%
homme,
94%
injuste,
94%
j'ai
94%
"J'ai
94%
J'ai
94%
jamais
94%
J'avais
94%
joue
94%
kiffé
94%
kiffé,
94%
la
94%
La
94%
l'âge
94%
large
94%
Le
94%
le
94%
les
94%
Les
94%
ma
94%
mais
94%
Mais
94%
mal
94%
mal,
94%
Même
94%
même
94%
monde
94%
monde,
94%
moyen
94%
musclé,
94%
notes
94%
nuit,
94%
on
94%
On
94%
ont
94%
ou
94%
94%
où,
94%
par
94%
parce
94%
Parce
94%
parents,
94%
part
94%
pas
94%
"pas
94%
passage
94%
penses
94%
perds
94%
peu
94%
peux
94%
plus
94%
Plus
94%
pour
94%
Pour
94%
premier
94%
premier,
94%
Premier,
94%
prendre
94%
près
94%
pris
94%
problèmes,
94%
putain
94%
"Putain,
94%
qu'à
94%
quand
94%
Quand
94%
que
94%
que,
94%
quelque
94%
quelques
94%
qui
94%
qu'il
94%
quitté
94%
qu't'en
94%
qu'tu
94%
rage,
94%
sa
94%
sais,
94%
sais
94%
se
94%
s'écroule
94%
seul
94%
Si
94%
si
94%
si,
94%
sur
94%
Sur
94%
sûr,
94%
t'as
94%
T'as
94%
T'auras
94%
t'auras
94%
te
94%
temps"
94%
temps
94%
toi
94%
ton
94%
Ton
94%
toujours
94%
tout
94%
trop
94%
truc
94%
trucs
94%
tu
94%
Tu
94%
"Tu
94%
un
94%
Un
94%
une
94%
Une
94%
va
94%
verra
94%
verras
94%
veux
94%
victime
94%
vie
94%
vie,
94%
virages
94%
y
94%
Y
94%
Y'a
94%
y'a
94%
amoureux
88%
bain,
88%
baiser
88%
baiseras
88%
bang
88%
bâtard
88%
beaucoup
88%
bite
88%
boire
88%
boire,
88%
ceux
88%
choses
88%
coin
88%
combats
88%
commences
88%
comment
88%
Comment
88%
comprend
88%
confiance
88%
conseil
88%
couches
88%
cruels
88%
daronne
88%
dedans
88%
depuis
88%
dessinée
88%
devine
88%
diront
88%
dis
88%
d'juge
88%
d'matos"
88%
dois
88%
Donc
88%
donc,
88%
dont
88%
dos
88%
douleur
88%
d'prendre
88%
d'ta
88%
d'un
88%
d'une
88%
elle
88%
encore
88%
enfant
88%
eux
88%
Faut
88%
fille
88%
films
88%
films,
88%
fond
88%
fumer
88%
gagner
88%
guitare
88%
ils
88%
Ils
88%
infuse,
88%
intelligent
88%
Jardiland
88%
J'fais
88%
juste
88%
j'vais
88%
J'vais
88%
l'air
88%
l'air,
88%
l'envers
88%
leur
88%
Leur
88%
l'grand
88%
l'heure,
88%
l'histoire
88%
l'impression
88%
l'opposé
88%
l'plus
88%
l'problème
88%
malheureux
88%
merde
88%
métaphores
88%
meuf
88%
mieux,
88%
mieux
88%
mois
88%
moment
88%
nage
88%
pages
88%
pensant
88%
personne
88%
peur
88%
peur,
88%
plage
88%
pleureuse
88%
poids
88%
première
88%
quarante
88%
qu'avant,
88%
qu'elle
88%
question
88%
qu'les
88%
qu'on
88%
qu'ont
88%
qu'personne
88%
qu't'as
88%
qu'un
88%
rater
88%
règle
88%
savoir,
88%
savoir
88%
science
88%
s'écrit
88%
semblant
88%
seule
88%
s'il
88%
sketch
88%
soir
88%
soir,
88%
sont
88%
Souvent
88%
souvent,
88%
Souvent,
88%
style
88%
Surtout
88%
surtout
88%
s'voir
88%
tant
88%
t'battre
88%
t'comprends
88%
T'en
88%
t'es
88%
tes
88%
T'es
88%
tête
88%
toi-même
88%
tombes
88%
tôt
88%
tournant
88%
t'rend
88%
très
88%
t'réveilles
88%
trottoir
88%
trouver
88%
t'y
88%
vampiriser"
88%
vas
88%
vivre
88%
vouloir,
88%
agression
81%
Alors
81%
Arrête
81%
bêtes
81%
bonnes
81%
cas
81%
cerveau
81%
chelou
81%
chier
81%
chimie
81%
clair
81%
clichés
81%
cœur
81%
contre
81%
c'qu'il
81%
crever,
81%
dalle
81%
danser,
81%
d'avoir
81%
d'contacts",
81%
D'éclater
81%
défoncé,
81%
Demande
81%
devient
81%
devoir
81%
d'foutre
81%
Dis-toi
81%
d'orientation
81%
doses
81%
d'race
81%
d'raisons
81%
d'sexualité
81%
d'temps
81%
fabriquer
81%
faible,
81%
fierté
81%
fils
81%
fin
81%
fonctionnent
81%
fort
81%
fou
81%
fou,
81%
frapper
81%
gars
81%
grandes
81%
hyperactifs
81%
jouent
81%
laisse
81%
Laisse
81%
latinas
81%
l'autre
81%
l'contraire
81%
lever
81%
l'loyer
81%
longtemps
81%
l'temps
81%
maison
81%
marche
81%
m'empêche
81%
mère
81%
mettre
81%
mort
81%
Ne
81%
nuls
81%
Ok
81%
paies
81%
partie
81%
partir
81%
perdras
81%
père
81%
petit
81%
piste
81%
plein,
81%
plein
81%
préfères
81%
préfères,
81%
prends
81%
propre
81%
pute,
81%
qu'en
81%
qu'ils
81%
quitter
81%
remettre
81%
rentrera
81%
rien
81%
sac
81%
sensible,
81%
sentir
81%
sexuelles
81%
sois
81%
Sois
81%
t'accroches
81%
t'brise
81%
t'dira
81%
tellement
81%
t'enlèvera
81%
timide,
81%
t'mettes
81%
tous
81%
traîner
81%
tri
81%
trouvais
81%
types
81%
viens
81%
vis
81%
vois
81%
ami,
75%
Apprends
75%
autres,
75%
bambou
75%
banales
75%
base
75%
batailler
75%
blagues
75%
capte
75%
censé
75%
conseillers
75%
d'apprendre
75%
d'c'qu'ils
75%
déjà
75%
Déjà,
75%
déménages,
75%
d'famille
75%
disent
75%
d'merde
75%
drogue
75%
d'vestiaire
75%
ego
75%
épaules
75%
espagnol
75%
fermer,
75%
galère
75%
grand-chose
75%
grand-chose,
75%
humains
75%
insultes,
75%
j'dois
75%
J'en
75%
lois,
75%
longueur,
75%
l'poids
75%
Maintenant
75%
marrant
75%
meilleure
75%
mystérieux
75%
parle
75%
partais
75%
passion
75%
patron,
75%
perdrais
75%
peut-être
75%
philo,
75%
photo
75%
pire
75%
pire,
75%
pleurs
75%
plupart
75%
pompes,
75%
poser
75%
pourrais
75%
Quoi
75%
qu't'auras
75%
raconter
75%
raison
75%
rappeler
75%
regretté
75%
remède,
75%
rend
75%
repas
75%
rumeur,
75%
société
75%
soirée
75%
t'aimes
75%
t'appréhendes,
75%
t'économises
75%
t'étais
75%
ticket
75%
t'le
75%
t'répond
75%
vannes
75%
veuillent
75%
Voler
75%
vrais
75%
weed
75%
Ah
69%
appel
69%
Arrêter,
69%
compte
69%
crois
69%
cycles,
69%
d'adultes
69%
d'demander
69%
déchiré,
69%
défaut
69%
dirait
69%
d'le
69%
d'rentrer
69%
êtres
69%
façon
69%
garde
69%
genre
69%
glace,
69%
histoire
69%
important,
69%
L'école
69%
l'jeu,
69%
méchantes
69%
meilleures
69%
mêmes
69%
mots
69%
pansements
69%
pareil
69%
pires
69%
plaies,
69%
présent,
69%
prouver
69%
qu'ça
69%
quelqu'un
69%
questions
69%
réagis,
69%
règles
69%
Rends-toi
69%
semaine
69%
sniffer
69%
sors
69%
s'parle
69%
suivent
69%
table
69%
t'attaches
69%
Tèj
69%
T'empêcheras
69%
t'endors
69%
t'ennuies,
69%
tentés
69%
terroriste,
69%
t'évitera
69%
t'sens
69%
t'vendre
69%
visé,
69%
actrices
63%
ailleurs
63%
attends
63%
avant
63%
blanc,
63%
boule
63%
branler
63%
calvaire,
63%
changer
63%
chiant
63%
Connais
63%
conseils
63%
d'après
63%
décompose
63%
défauts
63%
dépistage,
63%
d'parler
63%
d'passer
63%
d'sortir
63%
d'versions,
63%
embrouille
63%
experts
63%
Fais-toi
63%
filtre
63%
glisser
63%
gros,
63%
l'année
63%
l'examen
63%
l'malin
63%
l'meilleur
63%
losers
63%
n'est
63%
noir
63%
panser
63%
passer
63%
prochaine
63%
quatre
63%
qu'éloigner
63%
qu'j'retombe
63%
raterais
63%
recaler
63%
regrettes
63%
rentreras
63%
rentres,
63%
soient
63%
S'regarder
63%
stables,
63%
t'allais
63%
t'diras
63%
t'éclater,
63%
témoins,
63%
texte,
63%
t'faire
63%
t'investir,
63%
t'oblige
63%
t'surclasser
63%
visage
63%
angoissé
56%
bloques
56%
chelous,
56%
cherches
56%
cours
56%
d'appeler
56%
désolé,
56%
Ensuite,
56%
fragile
56%
hauteur,
56%
j'avoue,
56%
l'avenir
56%
mauvaises
56%
nouvelles
56%
partiront
56%
pressés
56%
proches
56%
qu'c'est
56%
qu'chez
56%
attentats
50%
flipper,
50%
frappent
50%
fuir,
50%
Honnêtement,
50%
oui,
50%
servent
50%
s'préparer
50%
T'façon,
50%
vérités
50%
compliquées,
44%
ni
44%
parano
44%
Trois-quarts
44%
Aucun quiz correspondant
Distribution des résultats
% des personnes avec chaque résultat
Percentile par nombre de réponses
Votre historique - résultats
Vous n’avez pas pris ce quiz depuis la dernière actualisation